| 000 | 00351nam a22001217a 4500 | ||
|---|---|---|---|
| 999 |
_c2532 _d2532 |
||
| 005 | 20200916155245.0 | ||
| 008 | 200916b ||||| |||| 00| 0 eng d | ||
| 020 | _a0521260035 | ||
| 040 | _cCML | ||
| 245 |
_aEarth, Sea and Sky. _cJollands, D. |
||
| 260 |
_aCambridge _bCambridge University Press _c1984 |
||
| 942 |
_2ddc _cBK _h500.3 _mCAM |
||